Представление документа в формате RUSMARC

ПолеНазваниеЗначение
  Тип записи c
  Библиографический уровень m
001 Контрольный номер UONB/MAIN/a9c8e7043ee84458b75455cc82a1024b
005 Дата корректировки 20251205165646.3
010 Индекс ISBN __
9 Тираж 8930 экз.
013 Номер (ISMN) __
d Цена 50 к.
071 Издательские номер (звукозапись и ноты) 21
a Номер, присвоенный агентством 8196
100 Данные общей обработки __
a Данные общей обработки 20231102g1988 u y0rusy0189 ca
101 Язык документа 0_
a Язык текста rus
f Язык титульного листа rus
102 Страна публикации __
a Страна публикации RU
125 Кодированные данные звукозаписи и нотных изданий __
a Форма изложения нотного текста z
128 Кодированные данные (звукозаписи-физические характеристики) __
a Кодированные данные: Музыкальная форма и тональность или лад zz
c Инструменты или голоса, рекомендуемые для солистов (устаревшее) tb
200 Заглавие и сведения об ответственности 1_
a Заглавие Выпуск 35
f Первые сведения об ответственности составитель П. Вещицкий
203 Вид содержания и тип средства __
a Вид содержания Музыка
b Характеристика содержания знаковая
c Тип средства непосредственная
210 Выходные данные 1_
d Дата издания 1988
215 Физическое описание __
a Объем 33 с.
327 Примечание о содержании 11
a Примечание о содержании Содерж. : Фрид Г. Осенняя сказка. - Мурзин В. Медленный вальс. - Болдырев И. Мимолетность. - Иванов-Крамской А. Тарантелла. - Бойко Р. Вариации. - Денисов Э. Сонатина. - Немтин А. Скерцо. - Кефалиди И. Вариации на тему Д. Скарлатти. - Комальков Ю. Инвенция. - Вещицкий П. Два танца. - Борк А. Прелюдия. - Гречанинов А. Мазурка. - Гранадос Э. Маха Гойи : тонадилья. - Агирре Ю. Грусть. - Кадош П. Венгерский танец. - Две белорусские народные песни в обработке Ю. Блинова : Ой, рано, рано куры запели ; На улице мокро.
461 Уровень набора _0
1 2001
a Репертуар гитариста
b Ноты
e шестиструнная гитара
e [с сопровождением фортепиано и без сопровождения]
v Вып. 35
1 2101
a Москва
c Музыка
d 1966 -
1 001UONB/MAIN/70589ceb1d0c42ce83a9343d42e6c8d0
1 215
d 29 см
464 Аналитический уровень _0
1 700 1
a Фрид
b Г.
1 2001
a Осенняя сказка
464 Аналитический уровень _0
1 700 1
a Мурзин
b В.
1 2001
a Медленный вальс
464 Аналитический уровень _0
1 700 1
a Болдырев
b И.
1 2001
a Мимолетность
464 Аналитический уровень _0
1 700 1
a Иванов-Крамской
b А.
1 2001
a Тарантелла
464 Аналитический уровень _0
1 700 1
a Бойко
b Р.
1 2001
a Вариации
464 Аналитический уровень _0
1 700 1
a Денисов
b Э.
1 2001
a Сонатина
464 Аналитический уровень _0
1 700 1
a Немтин
b А.
1 2001
a Скерцо
464 Аналитический уровень _0
1 700 1
a Кефалиди
b И.
1 2001
a Вариации
e на тему Д. Скарлатти
464 Аналитический уровень _0
1 700 1
a Комальков
b Ю.
1 2001
a Инвенция
464 Аналитический уровень _0
1 700 1
a Вещицкий
b П.
1 2001
a Два танца
464 Аналитический уровень _0
1 700 1
a Борк
b А.
1 2001
a Прелюдия
464 Аналитический уровень _0
1 700 1
a Гречанинов
b А.
1 2001
a Мазурка
464 Аналитический уровень _0
1 700 1
a Гранадос
b Э.
1 2001
a Маха Гойи
e тонадилья
464 Аналитический уровень _0
1 700 1
a Агирре
b Ю.
1 2001
a Грусть
464 Аналитический уровень _0
1 700 1
a Кадош
b П.
1 2001
a Венгерский танец
464 Аналитический уровень _0
1 702 1
a Блинов
b Ю.
4 030
1 2001
a Ой, рано, рано куры запели
e белорус. нар. песня
464 Аналитический уровень _0
1 702 1
a Блинов
b Ю.
4 030
1 2001
a На улице мокро
e белорус. нар. песня
512 Заглавие обложки 1_
a Заглавие обложки Репертуар гитариста
606 Тематические рубрики 0_
a Основная рубрика Гитара шестиструнная
x Основная подрубрика Репертуар
610 Ключевые слова 0_
a Ключевые слова гитара шестиструнная; репертуар
686 Индексы других классификаций __
a Классификационный индекс 85.956.41я43
2 Код системы rubbk
702 Вторичная интеллектуальная ответственность _1
a Фамилия Вещицкий
b Имя (инициалы) П. О.
g Полное личное имя Павел Оскарович
4 Код отношения 220
801 Источник записи _0
a Страна RU
b Организация Ульяновская ОНБ
c Дата составления 20231102
g Правила каталогизации RCR
801 Источник записи _1
a Страна RU
b Организация Ульяновская ОНБ
c Дата составления 20231102
g Правила каталогизации RCR
901 Тип документа __
t Тип документа n
w Контрольный № источника UONB/MAIN/70589ceb1d0c42ce83a9343d42e6c8d0
909 Создатель записи __
a Создатель записи Грязнова И. Е.